书目信息 |
| 题名: |
五力健身棍
|
|
| 作者: | 梁五力 著 | |
| 分册: | ||
| 出版信息: | 北京 人民体育出版社 2009 |
|
| 页数: | 132页 | |
| 开本: | 21cm | |
| 丛书名: | ||
| 单 册: | ||
| 中图分类: | G852.25 | |
| 科图分类: | ||
| 主题词: | 健身运动--棍术(武术)--中国 , 健身运动 , 棍术(武术) | |
| 电子资源: | ||
| ISBN: | 978-7-5009-3653-4 | |
| 000 | 00784nam0 2200253 45 | |
| 001 | 1130667937 | |
| 005 | 20110310095300.60 | |
| 010 | @a978-7-5009-3653-4@dCNY11.00 | |
| 100 | @a20110123d2009 em y0chiy50 ea | |
| 101 | 1 | @achi |
| 102 | @aCN@b110000 | |
| 105 | @aa z 000yy | |
| 106 | @ar | |
| 200 | 1 | @a五力健身棍@AWu Li Jian Shen Gun@f梁五力著@FLiang Wu Li Zhu |
| 210 | @a北京@c人民体育出版社@d2009 | |
| 215 | @a132页@c图@d21cm | |
| 330 | @a本书内容包括介绍了五力健身棍的健身作用及特点、练习五力健身棍的注意事项、五力健身棍的制式和基本握法等。 | |
| 606 | 0 | @a健身运动@x棍术(武术)@y中国 |
| 606 | 0 | @a健身运动 |
| 606 | 0 | @a棍术(武术) |
| 690 | @aG852.25@v4 | |
| 701 | 0 | @a梁五力@ALiang Wu Li@4著 |
| 801 | 0 | @aCN@bTANGWEI@c20110310 |
| 905 | @b0531033-36@dG852.25@e215@f4 | |
| 五力健身棍/梁五力著.-北京:人民体育出版社,2009 |
| 132页:图;21cm |
| ISBN 978-7-5009-3653-4:CNY11.00 |
| 本书内容包括介绍了五力健身棍的健身作用及特点、练习五力健身棍的注意事项、五力健身棍的制式和基本握法等。 |
| ● |
| 相关链接 |
|
|
|
|
正题名:五力健身棍
索取号:G852.25/215
 
预约/预借
| 序号 | 登录号 | 条形码 | 馆藏地/架位号 | 状态 | 备注 |
| 1 | 0531033 | 205310331 | 第一样本阅览室/ [索取号:G852.25/215] | 在馆 | |
| 2 | 0531034 | 205310340 | 密集书库-体育系/ [索取号:G852.25/215] | 在馆 | |
| 3 | 0531035 | 205310359 | 第四借阅区/ [索取号:G852.25/215] | 在馆 | |
| 4 | 0531036 | 205310368 | 第四借阅区/ [索取号:G852.25/215] | 在馆 |